<?xml version="1.0" encoding="UTF-8"?>
<collection xmlns:xsi="http://www.w3.org/2001/XMLSchema-instance" xsi:schemaLocation="http://www.loc.gov/MARC21/slim http://www.loc.gov/standards/marcxml/schema/MARC21slim.xsd" xmlns="http://www.loc.gov/MARC21/slim">
 <record>
  <leader>00000cam a22000004i 4500</leader>
  <controlfield tag="001">UP-99796217611406316</controlfield>
  <controlfield tag="003">Buklod</controlfield>
  <controlfield tag="005">20230619154520.0</controlfield>
  <controlfield tag="006">m     o  j        </controlfield>
  <controlfield tag="007">ta</controlfield>
  <controlfield tag="008">140211s2013    xx      rb   |001 0|eng d</controlfield>
  <datafield tag="020" ind1=" " ind2=" ">
   <subfield code="a">9789711012489</subfield>
  </datafield>
  <datafield tag="035" ind1=" " ind2=" ">
   <subfield code="a">(iLib)UPD-00228905134</subfield>
  </datafield>
  <datafield tag="040" ind1=" " ind2=" ">
   <subfield code="a">DLC</subfield>
   <subfield code="d">DML</subfield>
   <subfield code="e">rda</subfield>
  </datafield>
  <datafield tag="041" ind1="0" ind2=" ">
   <subfield code="a">eng</subfield>
  </datafield>
  <datafield tag="042" ind1=" " ind2=" ">
   <subfield code="a">DMLUC</subfield>
  </datafield>
  <datafield tag="090" ind1=" " ind2=" ">
   <subfield code="a">DS 667.2</subfield>
   <subfield code="b">M39 2013</subfield>
  </datafield>
  <datafield tag="100" ind1="1" ind2=" ">
   <subfield code="a">May, Glenn Anthony</subfield>
   <subfield code="e">author.</subfield>
  </datafield>
  <datafield tag="245" ind1="1" ind2="2">
   <subfield code="a">A past updated</subfield>
   <subfield code="b">further essays on Philippine history and historiography</subfield>
   <subfield code="c">Glenn Anthony May.</subfield>
  </datafield>
  <datafield tag="264" ind1=" " ind2="1">
   <subfield code="a">Quezon City</subfield>
   <subfield code="b">New Day Publishers</subfield>
   <subfield code="c">[2013]</subfield>
  </datafield>
  <datafield tag="300" ind1=" " ind2=" ">
   <subfield code="a">viii, 248 pages</subfield>
   <subfield code="c">23 cm</subfield>
  </datafield>
  <datafield tag="336" ind1=" " ind2=" ">
   <subfield code="a">text</subfield>
   <subfield code="2">rdacontent</subfield>
  </datafield>
  <datafield tag="337" ind1=" " ind2=" ">
   <subfield code="a">unmediated</subfield>
   <subfield code="2">rdamedia</subfield>
  </datafield>
  <datafield tag="338" ind1=" " ind2=" ">
   <subfield code="a">volume</subfield>
   <subfield code="2">rdacarrier</subfield>
  </datafield>
  <datafield tag="505" ind1="0" ind2=" ">
   <subfield code="a">Part 1. Historiography ; Chapter 1. The making of a myth: John Leddy Phelan and the &quot;hispanization&quot; of land tenure in the Philippines -- Part 2. The Philippine revolution ; Chapter 2. The refugees of Cavite: civilian flight during the Philippines revolution of 1896 ; Chapter 3. Warfare of Pulong: Bonifacio, Aguinaldo, and the Philippine revolution against Spain -- Part 3. The Filipino-American relationship ; Chapter 4. Was the Philippine-American war a &quot;total war&quot;? ; Chapter 5. The business of education in the colonial Philippines, 1909-1930 ; Chapter 6. A boy from San Nicolas: the early years and trans-pacific journey of Larry Dulay Itliong ; Chapter 7. Father Frank Lynch and the shaping of Philippine Social Science -- Part 4. Postcript ; Postscript: tie a yellow ribbon: remembering Cory Aquino.</subfield>
  </datafield>
  <datafield tag="650" ind1=" " ind2="0">
   <subfield code="a">Historiography.</subfield>
  </datafield>
  <datafield tag="651" ind1=" " ind2="0">
   <subfield code="a">Philippines</subfield>
   <subfield code="x">History, Local.</subfield>
  </datafield>
  <datafield tag="651" ind1=" " ind2="0">
   <subfield code="a">Philippines</subfield>
   <subfield code="x">History.</subfield>
  </datafield>
  <datafield tag="651" ind1=" " ind2="0">
   <subfield code="a">Philippines</subfield>
   <subfield code="x">Historiography.</subfield>
  </datafield>
  <datafield tag="842" ind1=" " ind2=" ">
   <subfield code="a">Book</subfield>
  </datafield>
  <datafield tag="905" ind1=" " ind2=" ">
   <subfield code="a">FI</subfield>
  </datafield>
  <datafield tag="852" ind1="0" ind2=" ">
   <subfield code="a">UPD</subfield>
   <subfield code="b">DCFA</subfield>
   <subfield code="h">DS 667.2</subfield>
   <subfield code="i">M39 2013</subfield>
  </datafield>
  <datafield tag="852" ind1="0" ind2=" ">
   <subfield code="a">UPD</subfield>
   <subfield code="b">DMLF</subfield>
   <subfield code="h">DS 667.2</subfield>
   <subfield code="i">M39 2013</subfield>
  </datafield>
  <datafield tag="942" ind1=" " ind2=" ">
   <subfield code="a">Book</subfield>
  </datafield>
 </record>
</collection>
